| 000 | 00448nam a2200169 4500 | ||
|---|---|---|---|
| 001 | 16350 | ||
| 090 | _a16350 | ||
| 100 | _a20250701 pory50 | ||
| 200 |
_aLuz e sombra _fLeigh Bardugo _gtrad. de Raquel Dutra Lopes |
||
| 206 | _a1ª ed. | ||
| 210 |
_aAlfragide _cAsa _d2013 |
||
| 215 |
_a300,[10] p. _d22 cm |
||
| 225 |
_a1000 mundos _h1 |
||
| 300 | _aTriologia Grisha | ||
| 606 |
_9176 _aLiteratura Fantástica |
||
| 801 |
_aPT _bBMA _gRPC |
||
| 990 | _cLIVROS | ||